The life and works of Robert Burns

Saved in:
Bibliographic Details
Main Author: Currie, James (Author)
Format: Book
Language:English
Published: Edimburgo Macredie, Skelly and Muckersy 1815
Subjects:
Tags: Add Tag
No Tags, Be the first to tag this record!

MARC

LEADER 00000cam a2200000 a 4500
001 UCF8399
003 CL-VaPUC
008 130829e18150000uk |||||||||||||||||eng|d
082 0 4 |a 928.29  |b CUR  |2 21 
100 0 |a Currie, James  |e author  |9 570463 
245 1 4 |a The life and works of Robert Burns 
300 |a v 
942 |c BK 
945 |d 20130829 16:45:00  |a dcastane 
260 |a Edimburgo  |b Macredie, Skelly and Muckersy  |c 1815 
500 |a v.1: the life and works of Robert Burns, with a criticism on his writings to which are prefixed, a review of the life of Burns, and of various criticisms on his character and writings 
500 |a v.2: general correspondence, including pieces of miscellaneous poetry 
500 |a v.3: poems, formerly published, with some additions, to which is added, a history of these poems by Gilbert Burns 
600 0 7 |a BURNS, ROBERT  |2 CL-VaPUC  |9 513853 
650 0 |a Biografías  |9 255210 
650 0 |a Poesía inglesa   |9 264944 
650 0 |a Literatura inglesa  |9 312907 
583 |a last modification  |c 20130829 16:45:00  |k Rodrigo Vera 
999 |c 352972  |d 352970 
952 |0 0  |1 0  |3 erd  |4 0  |6 928_290000000000000_CUR_1815  |7 0  |8 X  |9 457769  |a FDOBUD  |b FDOBUD  |d 2019-11-23  |h v.1  |i 4996674  |o 928.29 CUR 1815  |p 4996674  |r 2019-11-23  |w 2019-11-23  |y BK_X  |z Catalogado en:20130829  |k BUD 
952 |0 0  |1 0  |3 erd  |4 0  |6 928_290000000000000_CUR_1815  |7 0  |8 X  |9 457770  |a FDOBUD  |b FDOBUD  |d 2019-11-23  |h v.2  |i 4996682  |o 928.29 CUR 1815  |p 4996682  |r 2019-11-23  |w 2019-11-23  |y BK_X  |z Catalogado en:20130829  |k BUD 
952 |0 0  |1 0  |3 erd  |4 0  |6 928_290000000000000_CUR_1815  |7 0  |8 X  |9 457771  |a FDOBUD  |b FDOBUD  |d 2019-11-23  |h v.3  |i 4996690  |o 928.29 CUR 1815  |p 4996690  |r 2019-11-23  |w 2019-11-23  |y BK_X  |z Catalogado en:20130829  |k BUD